Nihon Kyōsantō no kaibō,

Saved in:
Bibliographic Details
Main Author: Yoshioka, Nobumasa, 1915-
Format: Book
Language:Japanese
Published: Tōkyō, Kyōyūsha, Shōwa 23 [1948]
Subjects:
Tags: Add Tag
No Tags, Be the first to tag this record!
LEADER 00734nam a2200217u 4500
001 007743472-2
005 20024617120653.0
008 920121s1948 ja a 000 0 jpn d
035 0 |a ocm25136504 
040 |a CLU  |c CLU  |d *YNH*  |d CStRLIN 
100 1 |6 880-01  |a Yoshioka, Nobumasa,  |d 1915- 
245 1 0 |6 880-02  |a Nihon Kyōsantō no kaibō,  |c Yoshioka Nobumasa cho. 
260 |6 880-03  |a Tōkyō,  |b Kyōyūsha,  |c Shōwa 23 [1948] 
300 |a 241 p.  |b illus.  |c 18 cm. 
610 2 0 |6 880-04  |a Nihon Kyōsantō. 
880 1 |6 100-01  |a 吉岡信政,  |d 1915- 
880 1 0 |6 245-02  |a 日本共産黨の解剖,  |c 吉岡信政著. 
880 |6 260-03  |a 東京,  |b 協友社,  |c 昭和23 [1948] 
880 2 0 |6 610-04  |a 日本共産黨. 
988 |a 20021214 
906 |0 OCLC